000
00296nam a22001337a 4500
999
_c
534043
_d
534043
020
_a
014132516X
040
_c
MSOHAIL
082
_a
823
100
_a
Tom Sawyer
_9
28160
245
_a
The Adventure Collection
260
_a
London
_b
Penguin Books
_c
c2008
300
_a
320+;p
942
_2
ddc
_c
BK